000 00770nam a2200277Ia 4500
003 OSt
005 20221005055845.0
006 a|||||r|||| 00| 0
007 ta
008 221004b |||||||| |||| 00| 0 eng d
020 _a0140185216
024 _a37505
037 _cTextual
040 _aCRL
_cCRL
_beng
041 _2eng
_aeng
082 _aO111973,3N22,OR, N1
100 _aKerouac Jack
_9479196
110 _aGift from Prof Amitava Banerjee, London
245 0 _aOn the road
260 _aLondon
_bPenguin Books UK
_c1991
300 _a310p.
_ccm.
650 _aENGLISH LITERATURE
700 _aGift from Prof Amitava Banerjee, London
942 _hO111973,3N22,OR, N1
_cTEXL
_2cc
999 _c965810
_d965810